Guess the 1960s song lyrics #99 - Statistics

General Stats
  • This quiz has been taken 20 times
  • The average score is 221 of 301
Answer Stats
Answer % Correct
you
100%
a
94%
I
94%
love
94%
me
94%
that
94%
your
94%
an
89%
And
89%
and
89%
be
89%
can
89%
for
89%
go
89%
I'll
89%
in
89%
is
89%
no
89%
No
89%
on
89%
the
89%
there
89%
to
89%
To
89%
When
89%
all
83%
All
83%
of
83%
out
83%
will
83%
with
83%
can't
78%
Can't
78%
Ha
78%
if
78%
know
78%
not
78%
see
78%
don't
72%
feel
72%
give
72%
gone
72%
just
72%
Just
72%
life
72%
Now
72%
now
72%
over
72%
you're
72%
You're
72%
darlin
67%
down
67%
Four Tops
67%
illusion
67%
look
67%
Look
67%
need
67%
Reach
67%
reach
67%
shoulder
67%
tell
67%
through
67%
up
67%
comfort
61%
girl
61%
own
61%
way
61%
about
56%
But
56%
Come
56%
filled
56%
head
56%
hope
56%
what
56%
world
56%
always
50%
confusion
50%
good
50%
hold
50%
around
44%
Because
44%
Cause
44%
depend
44%
enough
44%
happiness
44%
Happiness
44%
there's
44%
ain't
39%
hand
39%
Hand
39%
has
39%
Has
39%
much
33%
Much
33%
best
28%
care
28%
cherish
28%
lost
28%
mind
28%
shelter
28%
tears
28%
thinking
28%
worry
28%
crumbling
22%
found
22%
peace
22%
Until
22%
cold
17%
afraid
11%
drifting
11%
Drifting
11%
grown
11%
Yah
11%
loner
6%
No matching quizzes found
Score Distribution
Percent of People with Each Score
Percentile by Number Answered
Your Score History
You have not taken this quiz